Govt. of
Madhya Pradesh

बैंकिंग जागरूकता (Record no. 63457)

MARC details
000 -LEADER
fixed length control field 00310nam a22001097a 4500
082 ## - DEWEY DECIMAL CLASSIFICATION NUMBER
Classification number 332
100 ## - MAIN ENTRY--AUTHOR NAME
Personal name रोशन राकेश कुमार
245 ## - TITLE STATEMENT
Title बैंकिंग जागरूकता
260 ## - PUBLICATION, DISTRIBUTION, ETC. (IMPRINT)
Place of publication Meerut
Name of publisher Arihant Pub
Year of publication 2020
650 ## - SUBJECT ADDED ENTRY--TOPICAL TERM
Topical Term बैंक
942 ## - ADDED ENTRY ELEMENTS (KOHA)
Koha item type Books
Holdings
Withdrawn status Lost status Damaged status Not for loan Home library Current library Date acquired Cost, normal purchase price Full call number Accession Number Price effective from Koha item type
        MACL MACL 03/10/2020 150.00 332 GCLC00892 03/10/2020 Books
        MACL MACL 03/10/2020 150.00 332 GCLC00893 03/10/2020 Books